| 000 | 00732nam a2200265Ia 4500 | ||
|---|---|---|---|
| 008 | 160803s9999 xx 000 0 und d | ||
| 020 | _a9780545089326 | ||
| 100 | _aMoore, Julianne | ||
| 245 | _aFreckleface Strawberry / | ||
| 245 | _cJulianne Moore ; illustrated by LeUyen Pham. | ||
| 260 | _aNew York : | ||
| 260 | _bScholastic Inc. | ||
| 260 | _c2008 | ||
| 300 | _a28 unnumbered pages : | ||
| 300 | _bcolor illustrations ; | ||
| 300 | _c29 cm | ||
| 500 | _aOriginally published : New York : Bloomsbury Children's Books, c2007. | ||
| 650 | _aFreckles -- | ||
| 650 | _aFriendship -- | ||
| 650 | _aSelf-acceptance -- | ||
| 650 | _xFiction. | ||
| 650 | _xFiction. | ||
| 650 | _xFiction. | ||
| 700 | _a230 | ||
| 999 |
_c298977 _d298977 |
||